Missing Word: Motown Quiz Stats

 Plays Quiz Updated Jan 4, 2013

Support Sporcle.
Go Orange.
Score 0/24 Timer 03:00
0 Plays Today
Song Title Missing Word % Correct
Let's ______ It OnGet
93.1%
I'll Be ______There
90.3%
Do You Love ______?Me
88.4%
My ______Girl
88.2%
All ______ Long (All ______)Night
87.3%
Where Did ______ Love Go?Our
86.8%
______ in the StreetDancing
85%
Please Mr. ______Postman
79.8%
The ______ of a ClownTears
78.4%
Don't ______ Me This WayLeave
68%
What ______ of the Brokenhearted?Becomes
67.9%
You've Made Me ______ Very HappySo
67.4%
Song Title Missing Word % Correct
Super ______ Part IFreak
59.6%
My ______Guy
48.5%
______ HouseBrick
47.9%
______ Out I'll Be ThereReach
38.6%
Somebody's ______ MeWatching
31.6%
______ (That's What I Want)Money
29%
______ (Everything's Alright)Uptight
27.6%
Love ______Hangover/Child
27.5%
______ Faces SometimesSmiling
16.6%
It's a ______Shame
9.9%
Let It ______Whip
8.6%
Leavin' ______Here
7%

Today's Daily Dose

Word Ladder
Math Aid

Get the Picture
Warrior Women

You're not logged in!

Compare scores with friends on all Sporcle quizzes.
OR
Log In
Forgot?

From the Vault

Either/Or in 30: First Ladies

by MSUKent

History 30s
Now was it Jackie or Jessie Kennedy?
Remove Ads.
Support Sporcle.
Get the best of Sporcle when you Go Orange. This ad-free experience offers more features, more stats, and more fun while also helping to support Sporcle. Thank you for becoming a member.

Show Comments

Extras

Top Quizzes Today


Score Distribution

Your Account Isn't Verified!

In order to create a playlist on Sporcle, you need to verify the email address you used during registration. Go to your Sporcle Settings to finish the process.

Report this User

Report this user for behavior that violates our Community Guidelines.

Details: